<?xml version="1.0" encoding="UTF-8"?>
<marc:record xmlns:marc="http://www.loc.gov/MARC21/slim">
   <marc:leader>00000nam a2200000 a 4500</marc:leader>
   <marc:datafield ind1="1" ind2=" " tag="100">
      <marc:subfield code="a">Schröder, Alena</marc:subfield>
      <marc:subfield code="4">aut</marc:subfield>
      <marc:subfield code="e">Verfasser/-in</marc:subfield>
   </marc:datafield>
   <marc:datafield ind1=" " ind2=" " tag="653">
      <marc:subfield code="a">Vater</marc:subfield>
   </marc:datafield>
   <marc:datafield ind1=" " ind2=" " tag="653">
      <marc:subfield code="a">Waisenkind</marc:subfield>
   </marc:datafield>
   <marc:datafield ind1=" " ind2=" " tag="653">
      <marc:subfield code="a">Güstrow 1945</marc:subfield>
   </marc:datafield>
   <marc:datafield ind1=" " ind2=" " tag="653">
      <marc:subfield code="a">Berlin 2023</marc:subfield>
   </marc:datafield>
   <marc:datafield ind1="0" ind2="0" tag="245">
      <marc:subfield code="a">Mein ganzes Leben, Öl auf Leinwand, ohne Titel</marc:subfield>
   </marc:datafield>
   <marc:datafield ind1=" " ind2="1" tag="264">
      <marc:subfield code="b">dtv</marc:subfield>
      <marc:subfield code="c">2026</marc:subfield>
   </marc:datafield>
   <marc:datafield ind1="1" ind2=" " tag="520">
      <marc:subfield code="a">Was, wenn dein Leben eine Leinwand wäre? Und die Schichten von Farbe Schmerz und Glück?

Güstrow, Mai 1945: Die 14-jährige Marlen liegt zusammengekauert in der Schublade einer Kommode in einem verlassenen Forsthaus. Als sie sich endlich befreit, entdeckt sie dort das unscheinbare Porträt einer jungen Frau. Wilma, die Marlen geholfen hat sich rechtzeitig vor den russischen Soldaten zu verstecken, nimmt die junge Waise bei sich auf. Doch Wilma hat ein Geheimnis, das sie zu zerstören droht. 

Auf zwei Zeitebenen wird die bewegende Geschichte zweier Frauen erzählt, deren Leben durch eine unscheinbar wirkende Leinwand für immer verbunden ist. 

Berlin, 2023: Hannah Borowski ist 34 Jahre alt und alles wäre gut, wenn nicht ihre beste Freundin Rubi plötzlich ausziehen würde. Und wenn nicht plötzlich Hannahs Vater wieder aufgetaucht wäre. Und was wurde aus der wertvollen Leinwand, die einst Hannahs Großmutter gehörte und die sich wie ein roter Faden durch ihr bisheriges Leben zieht?

Emotional, warmherzig, tiefgründig: Alena Schröder spürt in ihrem Roman der Frage nach, was wir unseren Eltern schulden und welches Erbe sie uns mitgeben.</marc:subfield>
   </marc:datafield>
   <marc:datafield ind1=" " ind2=" " tag="020">
      <marc:subfield code="a">9783423285285</marc:subfield>
      <marc:subfield code="9">9783423285285</marc:subfield>
   </marc:datafield>
</marc:record>
